Le géant de papier - Jean-Jacques Lafon [Paroles] - Statistiques

Statistiques générales
  • Ce quiz a été pris 40 fois
  • Le résultat moyen est 130 sur 185
Statistiques - réponses
Réponse % Correct
de
94%
De
94%
Quand
94%
un
94%
géant
90%
je
90%
Je
90%
moi
90%
papier
90%
regarde,
90%
suis
90%
au
87%
coeur
87%
la
87%
le
87%
l'homme
87%
d'acier
84%
et
81%
Et
81%
tendresse,
81%
Tout
81%
corps
77%
j'ai
77%
loup
77%
ma
77%
peur
77%
que
77%
son
77%
toute
77%
caresse
74%
femme,
74%
me
74%
Devant
71%
l'éveiller
71%
pour
71%
des
61%
une
61%
du
58%
les
58%
pourtant
58%
paraît
55%
réalisable,
55%
Demandez-moi
52%
Elle
52%
52%
comme
48%
en
48%
se
48%
ce
45%
combattre
45%
diable
45%
temps
45%
est
42%
Sur
42%
qu'on
39%
volcans
39%
cours
35%
écrase
35%
fourmilière
35%
montagnes
35%
Oh
35%
pied
35%
vous
35%
cathédrales
32%
D'aller
32%
lumière
32%
tours,
32%
briser
29%
cette
29%
construire
29%
dans
29%
d'arrêter
29%
défier
29%
dieu
29%
dragons
29%
néant
29%
planète
29%
poussière
29%
réduire
29%
soir
29%
gueule
26%
mouvants
26%
plonger
26%
sables
26%
perdrait
23%
tuer
19%
Aucun quiz correspondant
Distribution des résultats
% des personnes avec chaque résultat
Percentile par nombre de réponses
Votre historique - résultats
Vous n’avez pas pris ce quiz